000
002150000a22000970004500
100
1
_a
OGorman, Frances
245
1
0
_a
Favela Santa Marta
300
_a
Núm 10 (1986), Páginas 32-34
773
0
_t
Together
942
_c
ANA
999
_c
56941
_d
56941